00329nam a22001217a 450000500170000000800410001708200220005810000190008024500410009926000370014030000130017765000170019020240221071210.0240221b |||||||| |||| 00| 0 eng d 222a320.54.bIMA. aImayavaramban. aOn national relations in Sri Lanka : aMadras :bChennai Books /c1988. a116, p., aNationalism.